[Event "NNM lag 2017"]
[Site "Tromsø Sjakklubb"]
[Date "2017.02.24"]
[Round "1"]
[White "Walseth, Tron"]
[Black "Galchenko, Matvey"]
[Result "0-1"]
[WhiteElo "1992"]
[BlackElo "2313"]
[PlyCount "78"]
[EventDate "2017.??.??"]

1. d4 Nf6 2. Nf3 c5 3. d5 e6 4. c4 exd5 5. cxd5 d6 6. Nc3 g6 7. e4 Bg7 8. Bd3
O-O 9. O-O a6 10. a4 Bg4 11. h3 Bxf3 12. Qxf3 Nbd7 13. Bf4 Qc7 14. Rfe1 Nh5 15.
Bh2 Ne5 16. Qe3 Rfe8 17. Be2 Nf6 18. Rec1 Qa5 19. f4 Nc4 20. Bxc4 Ng4 21. hxg4
Bd4 22. Re1 Qb4 23. Bd3 Bxe3+ 24. Rxe3 Qd4 25. Rae1 c4 26. Bc2 b5 27. Kh1 b4
28. Nd1 Rac8 29. f5 Qf6 30. g5 Qxg5 31. Bxd6 a5 32. e5 Rcd8 33. Kg1 Qf4 34.
fxg6 hxg6 35. Be4 f5 36. Bf3 c3 37. bxc3 bxc3 38. Bc7 c2 39. Nc3 c1=Q
0-1

[Event "NNM lag 2017"]
[Site "Tromsø Sjakklubb"]
[Date "2017.02.24"]
[Round "1"]
[White "Olsen, Rolf A."]
[Black "Greibrokk, Ingrid"]
[Result "0-1"]
[WhiteElo "1338"]
[BlackElo "1858"]
[PlyCount "52"]
[EventDate "2017.??.??"]

1. b4 e6 2. Bb2 Nf6 3. a3 d5 4. Nf3 b6 5. e3 Bb7 6. d4 c5 7. bxc5 bxc5 8. dxc5
Bxc5 9. Be2 O-O 10. O-O Nbd7 11. Nbd2 Rb8 12. Nb3 Bd6 13. Rb1 Re8 14. Nfd4 e5
15. Nf5 Bf8 16. Bb5 Qb6 17. Qe2 Rbc8 18. Bxd7 Nxd7 19. a4 Ba6 20. Qd2 Bxf1 21.
Kxf1 Qg6 22. e4 dxe4 23. Nxg7 Red8 24. Ne8 Nb6 25. Qxd8 Rxd8 26. Nc7 Nc4
0-1

[Event "NNM lag 2017"]
[Site "Tromsø Sjakklubb"]
[Date "2017.02.24"]
[Round "1"]
[White "Søraas, Torben"]
[Black "Hanssen, Gunnar B."]
[Result "1-0"]
[WhiteElo "2214"]
[BlackElo "2140"]
[PlyCount "87"]
[EventDate "2017.??.??"]

1. e4 c6 2. d4 d5 3. exd5 cxd5 4. Bd3 Nc6 5. c3 Qc7 6. h3 Nf6 7. Nf3 g6 8. O-O
Bf5 9. Re1 Bxd3 10. Qxd3 Bg7 11. Ne5 O-O 12. Bf4 Qb6 13. Nd2 e6 14. Rab1 Nxe5
15. Bxe5 Nd7 16. Bxg7 Kxg7 17. Nf3 Qc7 18. b3 Rac8 19. c4 dxc4 20. bxc4 Nf6 21.
c5 Rfd8 22. Qb3 Rb8 23. Rec1 b6 24. cxb6 Qxb6 25. Qxb6 Rxb6 26. Rxb6 axb6 27.
Rc7 Rd7 28. Rxd7 Nxd7 29. Kf1 Kf6 30. Ke2 h5 31. Kd3 Ke7 32. Kc4 Kd6 33. Kb5 f6
34. Nd2 h4 35. f4 Kd5 36. Nf3 g5 37. fxg5 fxg5 38. a4 Ke4 39. Kc6 Nf6 40. Nxg5+
Kxd4 41. Nxe6+ Kc4 42. Kxb6 Nd5+ 43. Kc6 Nb4+ 44. Kd6
1-0

[Event "NNM lag 2017"]
[Site "Tromsø Sjakklubb"]
[Date "2017.02.24"]
[Round "1"]
[White "Røyset, Jon Kr."]
[Black "Kristensen, Kjell Ole"]
[Result "1-0"]
[WhiteElo "2195"]
[BlackElo "2003"]
[PlyCount "89"]
[EventDate "2017.??.??"]

1. e4 c5 2. Nf3 e6 3. d3 Nc6 4. g3 Nf6 5. Bg2 Be7 6. O-O O-O 7. Re1 d6 8. c3
Qc7 9. a3 a5 10. a4 Bd7 11. Na3 Rad8 12. Nc4 e5 13. Bg5 Be6 14. Qe2 Rfe8 15.
Rad1 h6 16. Bc1 Bf8 17. Qc2 Rb8 18. Na3 Qb6 19. Nd2 Qd8 20. Ndc4 Qd7 21. Nb5
Rbd8 22. Nb6 Qe7 23. Rf1 d5 24. Rde1 dxe4 25. dxe4 c4 26. b3 Qc5 27. Be3 cxb3
28. Qb2 Qe7 29. Qe2 Bg4 30. Qc4 Be6 31. Nd5 Qd7 32. Rd1 Bxd5 33. exd5 Ne7 34.
Qxb3 Nf5 35. Bb6 Rc8 36. Bh3 g6 37. d6 Ne4 38. Bc7 Ng5 39. Bg2 e4 40. Rfe1 Nf3+
41. Bxf3 exf3 42. Rxe8 Rxe8 43. Qc4 Nxd6 44. Bxd6 Bxd6 45. Nxd6
1-0

[Event "NNM lag 2017"]
[Site "Tromsø Sjakklubb"]
[Date "2017.02.24"]
[Round "1"]
[White "Aanstad, Magnus"]
[Black "Romsdal, Trond"]
[Result "0-1"]
[WhiteElo "2024"]
[BlackElo "2178"]
[PlyCount "56"]
[EventDate "2017.??.??"]

1. e4 c5 2. d4 cxd4 3. c3 dxc3 4. Nxc3 e6 5. Nf3 a6 6. Bc4 b5 7. Bb3 Bb7 8. Qe2
d6 9. O-O Nd7 10. a3 Ne7 11. Bf4 Nc6 12. Rfd1 Qb8 13. Rac1 Be7 14. Ng5 Nce5 15.
Ba2 O-O 16. Qh5 Nf6 17. Qh3 h6 18. Nxe6 Bc8 19. Bxe5 dxe5 20. Nd5 Nxd5 21. Rxc8
Rxc8 22. exd5 Qd6 23. Qg4 fxe6 24. dxe6 Qc5 25. Bb1 Rf8 26. Bd3 Rad8 27. Qg6
Qxf2+ 28. Kh1 Qf5 0-1

[Event "NNM lag 2017"]
[Site "Tromsø Sjakklubb"]
[Date "2017.02.24"]
[Round "1"]
[White "Berglund, Jan S"]
[Black "Hansen, Ola"]
[Result "1-0"]
[WhiteElo "2006"]
[BlackElo "1664"]
[PlyCount "104"]
[EventDate "2017.??.??"]

1. d4 d6 2. e4 Nf6 3. Nc3 e5 4. dxe5 dxe5 5. Qxd8+ Kxd8 6. Bc4 Be6 7. Bxe6 fxe6
8. Bg5 Bd6 9. f3 a6 10. O-O-O Ke7 11. Nge2 Nbd7 12. g3 Rad8 13. h4 h6 14. Be3
Bc5 15. Bxc5+ Nxc5 16. a4 Rxd1+ 17. Rxd1 Rd8 18. Rxd8 Kxd8 19. b4 Ncd7 20. Nd1
c5 21. c3 b5 22. axb5 axb5 23. bxc5 Nxc5 24. Kc2 Kc7 25. Ne3 Kc6 26. g4 g5 27.
hxg5 hxg5 28. Ng1 Nh7 29. Nh3 Nd7 30. Nd1 Kb6 31. Nb2 Kc6 32. Nd3 Kb6 33. Kb3
Nc5+ 34. Nxc5 Kxc5 35. Nf2 Kb6 36. Nd3 Nf8 37. Nxe5 Kc5 38. Kc2 Nh7 39. Kd3 Kd6
40. Kd4 Ke7 41. Nc6+ Kd6 42. Ne5 Ke7 43. Kc5 Kf6 44. Nd3 Nf8 45. e5+ Ke7 46.
Kxb5 Kd7 47. c4 Kc7 48. Kc5 Ng6 49. Kd4 Kb6 50. Ke4 Kc6 51. f4 gxf4 52. Nxf4
Nf8 1-0

[Event "NNM lag 2017"]
[Site "Tromsø Sjakklubb"]
[Date "2017.02.24"]
[Round "1"]
[White "Skagseth, Håvard M"]
[Black "Remman, Frank"]
[Result "1-0"]
[WhiteElo "2038"]
[BlackElo "1915"]
[PlyCount "81"]
[EventDate "2017.??.??"]

1. e4 c5 2. Nf3 Nc6 3. d4 cxd4 4. Nxd4 Qb6 5. Nb3 Nf6 6. Nc3 e6 7. Bd3 Be7 8.
f4 d6 9. Qf3 a6 10. Be3 Qc7 11. O-O-O b5 12. g4 Nb4 13. Kb1 Bb7 14. g5 Nd7 15.
Rhf1 O-O 16. h4 Nc5 17. h5 Nbxd3 18. cxd3 b4 19. Ne2 Rac8 20. Rc1 Qd7 21. Nxc5
dxc5 22. Rfd1 Rfd8 23. Qg4 Qb5 24. g6 Rxd3 25. Rg1 Bf8 26. gxh7+ Kh8 27. h6 g6
28. f5 exf5 29. Qg5 Rd6 30. e5 Re6 31. Nf4 Be7 32. Qg3 Be4+ 33. Ka1 Rcc6 34.
Nxe6 Rxe6 35. Bg5 Bf8 36. Rgd1 Qe8 37. Rd8 Qa4 38. Rxf8+ Kxh7 39. Bf6 Rxf6 40.
exf6 b3 41. Rxf7+ 1-0

[Event "NNM lag 2017"]
[Site "Tromsø Sjakklubb"]
[Date "2017.02.24"]
[Round "1"]
[White "Valvåg, Torbjørn"]
[Black "Keadana, Amir"]
[Result "0-1"]
[WhiteElo "1522"]
[BlackElo "1871"]
[PlyCount "44"]
[EventDate "2017.??.??"]

1. d4 Nf6 2. Bf4 g6 3. e3 Bg7 4. Nf3 O-O 5. Bd3 d6 6. h3 Nbd7 7. c3 Re8 8. Bh2
e5 9. Bc2 e4 10. Ng1 Nb6 11. Ne2 Nfd5 12. O-O Bh6 13. b3 Bxe3 14. fxe3 Nxe3 15.
Qc1 Nxf1 16. Qxf1 Nd5 17. Qf2 Qg5 18. b4 Bxh3 19. Nf4 e3 20. Qf3 Nxf4 21. Bxf4
Qxg2+ 22. Qxg2 Bxg2 0-1

[Event "NNM lag 2017"]
[Site "Tromsø Sjakklubb"]
[Date "2017.02.24"]
[Round "1"]
[White "Fedchuk, Kirill"]
[Black "Halvorsen, Benjamin"]
[Result "1-0"]
[WhiteElo "1735"]
[BlackElo "1661"]
[PlyCount "73"]
[EventDate "2017.??.??"]

1. c4 e5 2. Nc3 Nf6 3. Nf3 Nc6 4. g3 d5 5. cxd5 Nxd5 6. Bg2 Be6 7. O-O f6 8. d4
Qd7 9. Nxd5 Bxd5 10. dxe5 fxe5 11. Nxe5 Nxe5 12. Qxd5 Qxd5 13. Bxd5 O-O-O 14.
Rd1 Bc5 15. Bf4 Rhe8 16. Bxe5 c6 17. Bxc6 bxc6 18. Rxd8+ Kxd8 19. Rd1+ Kc8 20.
Bd4 Rd8 21. e3 Kb7 22. Kf1 Rd5 23. Ke2 g6 24. Bxc5 Rxc5 25. e4 g5 26. Ke3 Kb6
27. Rd2 Re5 28. f4 gxf4+ 29. gxf4 Rh5 30. e5 c5 31. e6 Rh6 32. f5 Rh3+ 33. Ke4
Rh4+ 34. Ke5 Rh3 35. e7 Kc7 36. Ke6 Rh6+ 37. Kf7 1-0

[Event "NNM lag 2017"]
[Site "Tromsø Sjakklubb"]
[Date "2017.02.24"]
[Round "1"]
[White "Robertsen, Tage J"]
[Black "Vestjord, Harald Christian"]
[Result "1-0"]
[WhiteElo "1601"]
[BlackElo "1731"]
[PlyCount "89"]
[EventDate "2017.??.??"]

1. e4 c6 2. Nc3 d5 3. Nf3 dxe4 4. Nxe4 Bg4 5. h3 Bh5 6. Bc4 e6 7. O-O Nd7 8. b4
Nb6 9. Bb3 Bxb4 10. Re1 Nf6 11. Neg5 O-O 12. Bxe6 fxe6 13. Nxe6 Qd7 14. Nxf8
Rxf8 15. c3 Bd6 16. Qb3+ Kh8 17. Ne5 Re8 18. d4 Qc7 19. f4 Bxe5 20. fxe5 Bf7
21. Qc2 Nc4 22. Qf2 Nd5 23. Rf1 Kg8 24. Bf4 Be6 25. Qg3 Re7 26. Rf2 Rf7 27.
Raf1 Qd7 28. Bh6 Rxf2 29. Rxf2 Qe7 30. Bg5 Qe8 31. Rf3 Ne7 32. Qf2 Ng6 33. h4
b5 34. h5 Ne7 35. h6 g6 36. Bf6 Nf5 37. g4 Nxh6 38. Qh4 Nxg4 39. Rh3 h5 40. Qg5
Qf7 41. Rxh5 Qh7 42. Rxh7 Kxh7 43. Qh4+ Nh6 44. Bg5 Ne3 45. Bxe3 1-0

[Event "NNM lag 2017"]
[Site "Tromsø Sjakklubb"]
[Date "2017.02.25"]
[Round "2"]
[White "Galchenko, Matvey"]
[Black "Remman, Frank"]
[Result "1-0"]
[WhiteElo "2313"]
[BlackElo "1915"]
[PlyCount "55"]
[EventDate "2017.??.??"]

1. f4 g6 2. Nf3 Bg7 3. e4 c5 4. Nc3 a6 5. a4 Nc6 6. Bc4 d6 7. O-O e6 8. f5 Nh6
9. d3 gxf5 10. Bg5 Qc7 11. Qe1 fxe4 12. dxe4 Ne7 13. Qh4 Nhg8 14. Rad1 Ng6 15.
Qg3 Bd4+ 16. Nxd4 cxd4 17. Rxd4 Ne5 18. Bb3 Ne7 19. Rfd1 Rg8 20. Qf4 Qc5 21.
Kh1 N5c6 22. Bxe7 Nxd4 23. Bxd6 Qa7 24. Qf6 Nc6 25. Nd5 exd5 26. exd5 Qe3 27.
dxc6 Be6 28. Qe7#
1-0

[Event "NNM lag 2017"]
[Site "Tromsø Sjakklubb"]
[Date "2017.02.25"]
[Round "2"]
[White "Valvåg, Torbjørn"]
[Black "Mikalsen, Harald"]
[Result "0-1"]
[WhiteElo "1522"]
[BlackElo "1982"]
[PlyCount "42"]
[EventDate "2017.??.??"]

1. d4 Nf6 2. Bf4 e6 3. e3 b6 4. Nf3 Bb7 5. Bd3 Be7 6. h3 Ne4 7. c3 O-O 8. O-O
f5 9. Nbd2 c5 10. Ne1 d6 11. f3 Nxd2 12. Qxd2 Qc7 13. Bc4 Qd7 14. d5 e5 15.
Bxe5 b5 16. Bxb5 Qxb5 17. Bg3 Ba6 18. Rf2 Nd7 19. b3 c4 20. b4 Nf6 21. Rd1 Bb7
0-1

[Event "NNM lag 2017"]
[Site "Tromsø Sjakklubb"]
[Date "2017.02.25"]
[Round "2"]
[White "Brasøy, Aksel"]
[Black "Halvorsen, Benjamin"]
[Result "0-1"]
[WhiteElo "1966"]
[BlackElo "1661"]
[PlyCount "88"]
[EventDate "2017.??.??"]

1. d4 e6 2. c4 f5 3. g3 Nf6 4. Bg2 c6 5. Nf3 d5 6. O-O Bd6 7. b3 O-O 8. Ba3
Bxa3 9. Nxa3 Nbd7 10. Nc2 b6 11. Nce1 c5 12. e3 Ne4 13. Nd3 Bb7 14. Nf4 Rf6 15.
cxd5 exd5 16. dxc5 bxc5 17. Qc2 Qe8 18. Rfd1 Nb6 19. Rac1 Rh6 20. Qb2 g5 21.
Nd3 g4 22. Nh4 c4 23. bxc4 dxc4 24. Nf4 Qf7 25. Qe5 Rf6 26. Ne2 Re8 27. Qa5 Qe6
28. Nd4 Qe7 29. Nhxf5 Qc7 30. Rc2 Re5 31. Qxa7 Nc8 32. Qa4 Nb6 33. Qa7 Nc8 34.
Qa3 Rexf5 35. Nxf5 Rxf5 36. Rd4 Ncd6 37. Qc1 Qf7 38. Qe1 Rf6 39. Qf1 Qh5 40.
Rdxc4 Rh6 41. h3 gxh3 42. Bxe4 h2+ 43. Kh1 Bxe4+ 44. Rxe4 Qf3+ 0-1

[Event "NNM lag 2017"]
[Site "Tromsø Sjakklubb"]
[Date "2017.02.25"]
[Round "2"]
[White "Robertsen, Tage J"]
[Black "Mikalsen, Odd Erling"]
[Result "1-0"]
[WhiteElo "1601"]
[BlackElo "1887"]
[PlyCount "77"]
[EventDate "2017.??.??"]

1. e4 e5 2. Nf3 Nc6 3. Bb5 f5 4. d3 fxe4 5. dxe4 Nf6 6. Bg5 d6 7. Nc3 Be7 8.
Bxf6 Bxf6 9. Qd5 Bd7 10. O-O-O Qe7 11. Rhe1 a6 12. Bxc6 Bxc6 13. Qc4 O-O-O 14.
Nd5 Qd7 15. Re3 Kb8 16. Rc3 Rc8 17. Nb4 Bb5 18. Qd5 c5 19. Nd3 Bc6 20. Nxc5
dxc5 21. Qxd7 Bxd7 22. Rxd7 Rhe8 23. Rcd3 Rc7 24. c4 Kc8 25. R7d5 b6 26. Kc2
Re6 27. Nd2 h5 28. Nb1 b5 29. Rd6 Rc6 30. Rxe6 Rxe6 31. Rd5 Rc6 32. Nc3 bxc4
33. Na4 Kc7 34. Kc3 Be7 35. Kxc4 Rg6 36. g3 h4 37. Nxc5 Rc6 38. Rd7+ Kb6 39.
Rb7+ 1-0

[Event "NNM lag 2017"]
[Site "Tromsø Sjakklubb"]
[Date "2017.02.25"]
[Round "2"]
[White "Walseth, Tron"]
[Black "Søraas, Torben"]
[Result "0-1"]
[WhiteElo "1992"]
[BlackElo "2214"]
[PlyCount "52"]
[EventDate "2017.??.??"]

1. d4 Nf6 2. Nf3 g6 3. a4 Bg7 4. g3 O-O 5. Bg2 c5 6. d5 d6 7. O-O Na6 8. Nc3
Nb4 9. Bf4 Bf5 10. Rc1 Ne4 11. g4 Bxc3 12. bxc3 Nxc3 13. Qd2 Ne4 14. Qd1 Bxg4
15. c3 Na6 16. Qc2 Nf6 17. Rfd1 Bf5 18. Qb2 Qd7 19. Qb5 Qxb5 20. axb5 Nc7 21.
c4 a6 22. b6 Nce8 23. Nd2 Rd8 24. e4 Bc8 25. Bh6 Ng7 26. Ra1 Nd7 0-1

[Event "NNM lag 2017"]
[Site "Tromsø Sjakklubb"]
[Date "2017.02.25"]
[Round "2"]
[White "Olsen, Rolf A."]
[Black "Aanstad, Magnus"]
[Result "0-1"]
[WhiteElo "1338"]
[BlackElo "2024"]
[PlyCount "40"]
[EventDate "2017.??.??"]

1. Nc3 e5 2. b3 d5 3. Bb2 Nc6 4. g3 d4 5. Nb5 a6 6. Na3 Qd5 7. f3 Nf6 8. Bg2
Bf5 9. c4 Qd7 10. h4 e4 11. Bh3 Bd6 12. g4 Be6 13. c5 Bxc5 14. Qc2 Qe7 15. g5
Nd7 16. Bxe6 fxe6 17. Nb1 d3 18. exd3 Nb4 19. Qc3 Bd4 20. Qxd4 Nc2+
0-1

[Event "NNM lag 2017"]
[Site "Tromsø Sjakklubb"]
[Date "2017.02.25"]
[Round "2"]
[White "Hanssen, Gunnar B."]
[Black "Skagseth, Håvard M"]
[Result "1/2-1/2"]
[WhiteElo "2140"]
[BlackElo "2038"]
[PlyCount "71"]
[EventDate "2017.??.??"]

1. c4 Nf6 2. Nc3 e6 3. Nf3 b6 4. g3 Bb7 5. Bg2 Be7 6. O-O c5 7. Re1 O-O 8. e4
Nc6 9. d4 cxd4 10. Nxd4 Nxd4 11. Qxd4 d6 12. b3 a6 13. Bb2 Qc7 14. Rac1 Rfd8
15. Nb1 Bf8 16. Nd2 Rac8 17. a3 Bc6 18. b4 Qb7 19. b5 axb5 20. cxb5 Bxb5 21.
Rxc8 Qxc8 22. Qxb6 Qb8 23. Qxb8 Rxb8 24. Bxf6 gxf6 25. Rb1 Bh6 26. Nc4 Rc8 27.
Nxd6 Bd3 28. Nxc8 Bxb1 29. Nb6 Bc2 30. a4 Bd2 31. Nc4 Bb4 32. a5 Bd3 33. a6 Bc5
34. Bf1 Bxe4 35. Na5 Bb6 36. Nb7
1/2-1/2

[Event "NNM lag 2017"]
[Site "Tromsø Sjakklubb"]
[Date "2017.02.25"]
[Round "2"]
[White "Keadana, Amir"]
[Black "Røyset, Jon Kr"]
[Result "0-1"]
[WhiteElo "1871"]
[BlackElo "2195"]
[PlyCount "100"]
[EventDate "2017.??.??"]

1. e4 e5 2. Nf3 Nc6 3. Bc4 Nf6 4. d4 exd4 5. e5 d5 6. Bb5 Nd7 7. Bxc6 bxc6 8.
Bg5 Be7 9. Nxd4 Nxe5 10. Bxe7 Qxe7 11. O-O O-O 12. Re1 Qd6 13. Qh5 Ng4 14. f3
Nf6 15. Qe5 Bd7 16. Nc3 Rfe8 17. Qg3 Qxg3 18. hxg3 Rab8 19. Rxe8+ Bxe8 20. b3
c5 21. Nf5 Kf8 22. g4 h6 23. Re1 Bd7 24. Re5 Be6 25. Ng3 Nd7 26. Rh5 Nf6 27.
Re5 g6 28. Na4 Nd7 29. Re1 Re8 30. Ne2 Ke7 31. Nf4 Kd6 32. Nc3 c6 33. Rd1 Nf6
34. Nd3 g5 35. Kf2 Rh8 36. Nc1 Nd7 37. Rh1 f5 38. Kg3 fxg4 39. fxg4 Nf6 40. Rd1
Rf8 41. Rf1 Nh5+ 42. gxh5 Rxf1 43. Nd3 Bf5 44. Nf2 Rc1 45. Ncd1 Rxc2 46. Kf3 d4
47. g4 Be6 48. Ne4+ Ke7 49. Nxg5 hxg5 50. Nf2 Rxf2+ 0-1

[Event "NNM lag 2017"]
[Site "Tromsø Sjakklubb"]
[Date "2017.02.25"]
[Round "2"]
[White "Romsdal, Trond"]
[Black "Fedchuk, Kirill"]
[Result "1-0"]
[WhiteElo "2178"]
[BlackElo "1735"]
[Annotator "Bruker"]
[PlyCount "89"]
[EventDate "2017.??.??"]

1. Nf3 d5 2. d4 e6 3. g3 c5 4. Bg2 Nc6 5. O-O Nf6 6. b3 Qb6 7. Bb2 cxd4 8. Nxd4
Be7 9. e3 O-O 10. Nd2 Rd8 11. Qe2 Nxd4 12. Bxd4 Qc7 13. Nf3 Ne4 14. c4 Bf6 (
14... dxc4 15. Rac1 Bf6) 15. cxd5 Bxd4 16. Nxd4 exd5 17. Rac1 Qb6 18. Rfd1 a6
19. Qc2 Nf6 20. Qc7 Qxc7 21. Rxc7 Rd7 22. Rdc1 Rxc7 23. Rxc7 Rb8 24. h4 g6 25.
Kf1 Kf8 26. Ke2 Ke8 27. Kd3 Bd7 28. f3 Ke7 29. b4 Kd6 30. Rc5 (30. Rc4) 30...
Rc8 31. Rxc8 Bxc8 32. Ne2 Nd7 (32... Bf5+ 33. Kd4 Ne8 34. Nf4 (34. g4 Bd7 35.
Nc3 Nc7) 34... Nc7 35. a4 Bc2) 33. g4 Ne5+ 34. Kc3 h6 (34... Nc4 35. Kd4 Ne5
36. Nf4 Nc6+ 37. Kc3 Ne5 (37... Ke5 38. Nd3+ Kd6 39. Nf4 Ke5 40. Kb3 Nd4+ 41.
Kc3 Nc6)) 35. g5 hxg5 36. hxg5 Bd7 37. f4 Nc6 38. a3 Ne7 39. Nd4 Nc6 (39... Ba4
) 40. Bf3 Ne7 41. Be2 Nf5 42. Nxf5+ Bxf5 43. Bf3 Bd7 44. Kd4 Bf5 (44... Bc6)
45. Bxd5
1-0

[Event "NNM lag 2017"]
[Site "Tromsø Sjakklubb"]
[Date "2017.02.25"]
[Round "2"]
[White "Vestjord, Harald Christian"]
[Black "Berglund, Jan S"]
[Result "1/2-1/2"]
[WhiteElo "1731"]
[BlackElo "2006"]
[PlyCount "62"]
[EventDate "2017.??.??"]

1. d4 e6 2. c4 f5 3. Nc3 d5 4. Nf3 Nf6 5. Bf4 Be7 6. e3 O-O 7. Bd3 b6 8. cxd5
exd5 9. O-O c6 10. Ne5 g6 11. Be2 Kg7 12. h3 Bb7 13. g4 fxg4 14. hxg4 Nfd7 15.
Kg2 Bf6 16. Nxd7 Nxd7 17. Rh1 g5 18. Bd6 Rh8 19. Bd3 Nf8 20. Bxf8+ Qxf8 21. Ne2
c5 22. Ng3 Kg8 23. Nf5 h6 24. Qd2 Bc8 25. Rh5 Bxf5 26. Bxf5 Qd6 27. Rah1 Bg7
28. Rd1 cxd4 29. exd4 Kf7 30. Rh3 Rhe8 31. Rf3 Kg8 1/2-1/2

[Event "NNM lag 2017"]
[Site "Tromsø Sjakklubb"]
[Date "2017.02.25"]
[Round "3"]
[White "Søraas, Torben"]
[Black "Mikalsen, Erlend"]
[Result "0-1"]
[WhiteElo "2214"]
[BlackElo "2350"]
[PlyCount "52"]
[EventDate "2017.??.??"]

1. e4 e5 2. d4 exd4 3. Nf3 Bc5 4. Bc4 Nf6 5. O-O O-O 6. Bg5 h6 7. Bh4 d6 8. Re1
Nc6 9. Nbd2 Ne5 10. Bf1 Re8 11. h3 Ng6 12. Bxf6 Qxf6 13. Nb3 Bb4 14. Nfd2 c5
15. a3 Bxd2 16. Nxd2 Bd7 17. b4 b5 18. Nb3 Rac8 19. Qd2 Ne5 20. bxc5 dxc5 21.
Na5 Qb6 22. Rab1 c4 23. Red1 d3 24. Qc3 dxc2 25. Qxc2 Qxa5 26. Rd5 Bc6 0-1

[Event "NNM lag 2017"]
[Site "Tromsø Sjakklubb"]
[Date "2017.02.25"]
[Round "3"]
[White "Galchenko, Matvey"]
[Black "Kristensen, Kjell Ole"]
[Result "1-0"]
[WhiteElo "2313"]
[BlackElo "2003"]
[PlyCount "91"]
[EventDate "2017.??.??"]

1. f4 d5 2. Nf3 c5 3. g3 g6 4. Bg2 Bg7 5. O-O Nf6 6. d3 O-O 7. Nc3 Nc6 8. e4 e6
9. h3 Rb8 10. g4 b5 11. e5 Ne8 12. g5 Ne7 13. d4 b4 14. Ne2 c4 15. a3 a5 16. h4
h5 17. gxh6 Bxh6 18. h5 Nf5 19. hxg6 fxg6 20. axb4 axb4 21. Bh3 Neg7 22. Rf2
Rb7 23. Rg2 Nh4 24. Nxh4 Qxh4 25. Rh2 Qe7 26. Ra8 Bd7 27. Rxf8+ Qxf8 28. Rg2
Be8 29. Qe1 Nf5 30. Bxf5 exf5 31. Bd2 Qe7 32. Ng3 Bg7 33. Nf1 Bf8 34. Ne3 Qe6
35. Qa1 b3 36. cxb3 Rxb3 37. Bc3 Bh6 38. Qa8 Rb5 39. Nxf5 Bf8 40. Ne3 Kh7 41.
Qa7+ Bf7 42. Ng4 Be7 43. Ne3 Bb4 44. Qa8 Qe8 45. Qxe8 Bxe8 46. Bxb4 1-0

[Event "NNM lag 2017"]
[Site "Tromsø Sjakklubb"]
[Date "2017.02.25"]
[Round "3"]
[White "Aanstad, Magnus"]
[Black "Mikalsen, Harald"]
[Result "1/2-1/2"]
[WhiteElo "2024"]
[BlackElo "1982"]
[PlyCount "49"]
[EventDate "2017.??.??"]

1. e4 e5 2. Nf3 Nf6 3. Nxe5 d6 4. Nf3 Nxe4 5. d4 d5 6. Bd3 Be7 7. O-O O-O 8. c4
Nf6 9. Re1 Nc6 10. Be3 Nb4 11. Nc3 Nxd3 12. Qxd3 dxc4 13. Qxc4 Be6 14. Qb5 a6
15. Qxb7 Nd5 16. Ne5 Rb8 17. Qxa6 Rxb2 18. Nc6 Qd7 19. Nxd5 Bxd5 20. Nxe7+ Qxe7
21. Bf4 Qh4 22. Bg3 Qxd4 23. Rad1 Rd2 24. Rxd2 Qxd2 25. Qe2
1/2-1/2

[Event "NNM lag 2017"]
[Site "Tromsø Sjakklubb"]
[Date "2017.02.25"]
[Round "3"]
[White "Greibrokk, Ingrid"]
[Black "Hansen, Ola"]
[Result "1/2-1/2"]
[WhiteElo "1858"]
[BlackElo "1664"]
[PlyCount "46"]
[EventDate "2017.??.??"]

1. e4 d6 2. d4 Nf6 3. Nc3 e5 4. dxe5 dxe5 5. Qxd8+ Kxd8 6. Bg5 Be6 7. O-O-O+
Nbd7 8. Nf3 Bd6 9. Bb5 Ke7 10. Bxd7 Bxd7 11. Nd5+ Ke6 12. Rhe1 Nxd5 13. exd5+
Kf5 14. Bd2 f6 15. Nh4+ Kg4 16. Re4+ Kh5 17. Rg1 g5 18. g4+ Kh6 19. Nf3 Kg6 20.
h4 h6 21. c4 Rac8 22. Bc3 Rhe8 23. Rge1 Kf7
1/2-1/2

[Event "NNM lag 2017"]
[Site "Tromsø Sjakklubb"]
[Date "2017.02.25"]
[Round "3"]
[White "Skagseth, Håvard M"]
[Black "Walseth, Tron"]
[Result "1-0"]
[WhiteElo "2038"]
[BlackElo "1992"]
[PlyCount "77"]
[EventDate "2017.??.??"]

1. e4 e6 2. d4 d5 3. Nc3 Bb4 4. e5 c5 5. Bd2 cxd4 6. Nb5 Bf8 7. Nf3 f6 8. Nbxd4
fxe5 9. Bb5+ Bd7 10. Nxe5 Nf6 11. Qe2 Bxb5 12. Qxb5+ Nbd7 13. Nxd7 Qxd7 14.
Nxe6 Qxb5 15. Nc7+ Kd7 16. Nxb5 Bc5 17. O-O Kc6 18. Nc3 Rhf8 19. Rae1 Ng4 20.
Nd1 Kd6 21. g3 Rae8 22. Rxe8 Rxe8 23. Re1 Rf8 24. Bf4+ Kd7 25. Re2 h6 26. h4
Rf5 27. Ne3 Nxe3 28. Bxe3 Bxe3 29. Rxe3 g5 30. hxg5 hxg5 31. Kf1 Kd6 32. Ke2
Rf8 33. g4 Rf4 34. Rg3 Re4+ 35. Kd3 Kc5 36. f3 Re1 37. Rh3 Re6 38. Rh7 Kc6 39.
Rf7 1-0

[Event "NNM lag 2017"]
[Site "Tromsø Sjakklubb"]
[Date "2017.02.25"]
[Round "3"]
[White "Fedchuk, Kirill"]
[Black "Olsen, Rolf A."]
[Result "1-0"]
[WhiteElo "1735"]
[BlackElo "1338"]
[PlyCount "69"]
[EventDate "2017.??.??"]

1. c4 Nf6 2. Nc3 e6 3. d4 c6 4. Bg5 Be7 5. Nf3 d5 6. e3 O-O 7. Qc2 b6 8. Bxf6
Bxf6 9. Bd3 g6 10. h4 dxc4 11. Bxc4 Ba6 12. Ne4 Bg7 13. h5 Bxc4 14. Qxc4 Qd5
15. Qxd5 cxd5 16. Nc3 Nd7 17. hxg6 hxg6 18. O-O-O Rac8 19. Kb1 a6 20. Ne2 b5
21. Ng5 Nf6 22. f3 a5 23. g4 Rfe8 24. Ng3 e5 25. Rhe1 e4 26. Nh3 exf3 27. g5
Ne4 28. Nxe4 dxe4 29. Rc1 Bf8 30. Nf2 Rxc1+ 31. Kxc1 Bd6 32. Ng4 Kg7 33. Nf6
Re6 34. Rh1 Kf8 35. Rh8+
1-0

[Event "NNM lag 2017"]
[Site "Tromsø Sjakklubb"]
[Date "2017.02.25"]
[Round "3"]
[White "Remman, Frank"]
[Black "Hanssen, Gunnar B"]
[Result "0-1"]
[WhiteElo "1915"]
[BlackElo "2140"]
[PlyCount "82"]
[EventDate "2017.??.??"]

1. d4 d5 2. Nf3 Nf6 3. Bg5 Ne4 4. Bf4 c6 5. Nbd2 Nxd2 6. Qxd2 Bf5 7. e3 Qb6 8.
c3 Nd7 9. Be2 e6 10. O-O Be7 11. Ne1 O-O 12. Bd3 Bxd3 13. Nxd3 c5 14. Bg3 Bd6
15. Nf4 Nf6 16. f3 Rad8 17. Ne2 Rfe8 18. Bh4 Be7 19. Qc2 h6 20. Bf2 Qc7 21.
dxc5 Bxc5 22. Nd4 a6 23. Rad1 Bd6 24. g3 g6 25. Kg2 Kg7 26. Rfe1 e5 27. Nb3 b5
28. Qb1 Qc8 29. Nd2 Bc5 30. Nf1 Nh7 31. a3 Ng5 32. Nd2 Qh3+ 33. Kg1 e4 34. Kh1
exf3 35. Rg1 Bxe3 36. Bxe3 Rxe3 37. Rde1 Ne4 38. Nxe4 dxe4 39. Qc1 Red3 40. Qf4
Rd2 41. g4 f2 0-1

[Event "NNM lag 2017"]
[Site "Tromsø Sjakklubb"]
[Date "2017.02.25"]
[Round "3"]
[White "Røyset, Jon Kr"]
[Black "Valvåg, Torbjørn"]
[Result "1-0"]
[WhiteElo "2195"]
[BlackElo "1522"]
[PlyCount "71"]
[EventDate "2017.??.??"]

1. e4 () 1... c5 () {0:06} 2. Nf3 () {0:40} 2... d6 () {0:05} 3. d4 () {0:45}
3... cxd4 () {0:06} 4. Nxd4 () {0:03} 4... Nf6 () {0:04} 5. Nc3 () {0:05} 5...
g6 () {0:04} 6. Be3 () 6... Bg7 () {0:01} 7. h3 () {0:32} 7... O-O () {0:18} 8.
g4 () 8... Nc6 () {0:10} 9. g5 () 9... Ne8 () 10. h4 () 10... Nc7 () {0:01} 11.
Nb3 () 11... Be6 () 12. Bg2 () 12... Qd7 () 13. f4 () {0:01} 13... Bg4 () {0:48
} 14. Bf3 () {0:25} 14... Bxf3 () {0:55} 15. Qxf3 () {0:01} 15... f5 () {0:51}
16. O-O-O () 16... Qe8 () 17. h5 () 17... a5 () {0:03} 18. Bb6 () 18... Ne6 ()
{0:02} 19. Nd5 () 19... a4 () {0:02} 20. Nd2 () 20... a3 () {0:01} 21. b3 () {
0:01} 21... Ned4 () 22. Qd3 () 22... Qd7 () {0:01} 23. c3 () 23... fxe4 () {0:
01} 24. Nxe4 () 24... Nf5 () 25. hxg6 () 25... hxg6 () {0:01} 26. Nc7 () 26...
Rac8 () {0:33} 27. Nc5 () 27... Qd8 () {0:01} 28. Nxb7 () 28... Qd7 () {0:05}
29. Nc5 () {0:18} 29... Qd8 () {0:01} 30. Qd5+ () {0:38} 30... Rf7 () {0:01}
31. Qxc6 () {0:14} 31... e5 () 32. N5e6 () {0:54} 32... Qe7 () {0:01} 33. Qd5 (
) 33... exf4 () {0:46} 34. Nxg7 () 34... Kxg7 () 35. Rde1 () 35... Qd7 () {0:02
} 36. Bd4+ () 1-0

[Event "NNM lag 2017"]
[Site "Tromsø Sjakklubb"]
[Date "2017.02.25"]
[Round "3"]
[White "Halvorsen, Benjamin"]
[Black "Romsdal, Trond"]
[Result "0-1"]
[WhiteElo "1661"]
[BlackElo "2178"]
[PlyCount "46"]
[EventDate "2017.??.??"]

1. e4 c5 2. Nf3 d6 3. d4 cxd4 4. Nxd4 Nf6 5. Nc3 a6 6. Bg5 Nbd7 7. f4 b5 8. Qf3
Bb7 9. O-O-O Rc8 10. g4 Rxc3 11. Qxc3 Nxe4 12. Qe3 Nxg5 13. fxg5 Bxh1 14. Nf5
Ne5 15. Bxb5+ axb5 16. Rxh1 e6 17. Nd4 Be7 18. h4 Qa8 19. Rh3 Qxa2 20. Qe4 Qa1+
21. Kd2 Nc4+ 22. Ke2 d5 23. Qf4 O-O 0-1